000 00829 a2200217 4500
999 _c6949
_d6949
020 _a97804955097837
020 _a0495509787 (alk. paper)
050 0 0 _aHF 76.5 GRA 2009
100 1 _aGravetter, Frederick J.
_eauthor
245 1 0 _aResearch methods for the behavioral sciences /
_cFrederick J Gravetter, Lori-Ann B. Forzano.
250 _a3rd ed.
264 _aNew York :
_bWadsworth
_c2009
300 _axxi, 614 p. :
_bill. ;
500 _aIncludes bibliographical references (p. 599-604) and indexes.
504 _aIncludes bibliographical references (p. 599-604) and indexes.
650 0 _aPsychology
_xResearch
_xMethodology.
650 0 _aSocial sciences
_xResearch
_xMethodology.
700 1 _aForzano, Lori-Ann B.
942 _2lcc
_cBK
_e3rd
_h76.5
_iGRA
_kHF